LIBRARY ONLINE CATALOGUE

Climate change and global health (Record no. 19115)

MARC details
000 -LEADER
fixed length control field 00457nam a22001577a 4500
008 - FIXED-LENGTH DATA ELEMENTS--GENERAL INFORMATION
fixed length control field 211109b |||||||| |||| 00| 0 eng d
020 ## - INTERNATIONAL STANDARD BOOK NUMBER
International Standard Book Number 1780648583
050 ## - LIBRARY OF CONGRESS CALL NUMBER
Classification number RA793
Item number .C55 2016 c.1
245 ## - TITLE STATEMENT
Title Climate change and global health
Statement of responsibility, etc. Edited by Colin D. Butler
260 ## - PUBLICATION, DISTRIBUTION, ETC. (IMPRINT)
Place of publication, distribution, etc. Australia
Name of publisher, distributor, etc. CABI
Date of publication, distribution, etc. 2016
300 ## - PHYSICAL DESCRIPTION
Extent xxiv, 318p.
650 ## - SUBJECT ADDED ENTRY--TOPICAL TERM
Topical term or geographic name as entry element Climate changes
Form subdivision health aspects
650 ## - SUBJECT ADDED ENTRY--TOPICAL TERM
Topical term or geographic name as entry element Medical climatology
650 ## - SUBJECT ADDED ENTRY--TOPICAL TERM
Topical term or geographic name as entry element World health
942 ## - ADDED ENTRY ELEMENTS (KOHA)
Source of classification or shelving scheme Library of Congress Classification
Koha item type General Collection
Holdings
Withdrawn status Lost status Source of classification or shelving scheme Not for loan Home library Current library Date acquired Cost, normal purchase price Total Checkouts Full call number Barcode Date last seen Price effective from Koha item type
    Library of Congress Classification   Kabarak, Main Campus Kabarak, Main Campus 09/11/2021 6709.00   RA793 .C55 2016 c.1 031218 09/11/2021 09/11/2021 General Collection
    Library of Congress Classification   Kabarak, Main Campus Kabarak, Main Campus 09/11/2021 6709.00   RA793 .C55 2016 c.2 031282 11/11/2021 09/11/2021 General Collection